000 00786cam a2200277 4500
008 090401t1988 xxu||||| |||| 00| 0 eng d
020 _a0117521426
035 _a(Sirsi) u33505
041 _aeng
050 _a711.1
_c18
110 _aUnited Kingdom
_bDepartment of the Environment
_9982
245 _aMinerals planning guidance
_bthe review of mineral working sites
260 _aLondon
_bHMSO
_c1988
300 _a(12)p.
_c30cm.
350 _a2.3
490 _aMPG
_v4
520 _aSuperseded by revised edition (ISBN 0117534137).
650 _aMINERALS PLANNING
650 _aMINERALS
650 _aMPG4
690 _aMINING AND MINERALS
690 _aPLANNING LAW AND PRACTICE
710 _aUnited Kingdom
_bWelsh Office
_91214
942 _n0
948 _c04/03/1997
999 _c89810
_d89810